000
00304nam a2200145Ia 4500
100
_a
Goyal/ S.C./ Mahaley/A.K.
490
_v
2
942
_c
BK
654
_a
Electronics 2
245
_a
Electronics 2
260
_b
Tech. Publications
_a
Pune
_c
1997
300
_a
328
546
_a
ENGLISH
999
_c
24738
_d
24738